Statistics for NCAA Colleges in Virginia

Click here to take the quiz!

General Stats

  • This quiz has been taken 118 times
  • The average score is 20 of 37

Answer Stats

DivisionTeam NameUniversity% Correct
Division ICavaliersVirginia
100%
Division IHokiesVirginia Tech
96%
Division ISpidersRichmond
95%
Division IDukesJames Madison
93%
Division ITribeWilliam & Mary
92%
Division IMonarchsOld Dominion
91%
Division IRamsVirginia Commonwealth
88%
Division IPatriotsGeorge Mason
87%
Division IHighlandersRadford
79%
Division IKeydetsVirginia Military
79%
Division IFlamesLiberty
78%
Division ILancersLongwood
76%
Division IITrojansVirginia State
74%
Division ISpartansNorfolk State
74%
Division IIIGeneralsWashington and Lee
63%
Division IIIEaglesMary Washington
62%
Division IPiratesHampton
61%
Division IIHighland CavaliersVirginia Wise
57%
Division IIICaptainsChristopher Newport
49%
Division IIIYellow JacketsRandolph-Macon
45%
Division IIIWildcatsRandolph
45%
Division IIPanthersVirginia Union
42%
Division IIIMaroonsRoanoke
42%
Division IIIHornetsLynchburg
41%
Division IIITigersHampden Sydney
36%
Division IIIEaglesBridgewater
34%
Division IIIHornetsShenandoah
30%
Division IIIMarlinsVirginia Wesleyan
30%
Division IIICougarsAveret
25%
Division IIISquirrelsMary Baldwin
25%
Division IIIRoyalsEastern Mennonite
24%
Division IIISaintsMarymount
22%
Division IIIVixensSweet Briar
22%
Division IIIPanthersFerrum
20%
Division IIIWaspsEmory and Henry
20%
Division IIINoneHollins
18%
Division IIIKnightsSouthern Virginia
17%

Score Distribution

Percentile by Number Answered

Percent of People with Each Score

Your Score History

You have not taken this quiz